000 00675nas a2200229 4500
001 BR7700429
003 BR-BrBNA
005 20231205083039.0
007 ta
008 230509b bl.|||p| |||| 00| 00por d
040 _aBR-BrBNA
_bpor
_cBiblioteca Nacional de Agricultura
041 _a(Pt)
072 _aF25
100 1 _aAlves, S.B.
245 1 _aIncorporacao de excrementos bovinos por Dichotomius longiceps (Taschb., 1870)
650 _aBOVINO
650 _aEXCREMENTO
650 _aBESOURO COPROFAGO
773 0 _tEcossistema (Brazil)
_xISSN 0100-4107
_g(Jul 1976), v. 1(1) p. 59-60
_wBR7700429
909 _a202311
_bLúcia
_c55
_dLúcia Elande
942 _2AGRIS
_n0
_cANA
999 _c96013
_d96013